Sports Quiz

Random Sports Quiz

250 Top Premier League Goal Scorers Quiz Stats

Quiz not verified by Sporcle

Challenge
Share
Tweet
Embed
Score 0/262 Timer 20:00
0 Plays Today
Nationality and number of goals Name % Correct
English 260 Alan Shearer
88.4%
English 187Andrew Cole
86.9%
English 208Wayne Rooney
85.8%
English 177Frank Lampard
85.5%
Trinidadian 123Dwight Yorke
83.3%
English 47Joe Cole
82.9%
Irish 126Robbie Keane
81.8%
English 51Carlton Cole
81.8%
French 175Thierry Henry
81.1%
English 119Steven Gerrard
80.7%
Welsh 109Ryan GIggs
80.7%
Ivorian 104Didier Drogba
80.7%
Portuguese 84Cristiano Ronaldo
80%
English 150Michael Owen
79.6%
English 107Paul Scholes
79.6%
Irish 39Roy Keane
79.6%
Senegalese 43Demba Ba
79.3%
English 162Robbie Fowler
78.9%
English 147Teddy Sheringham
78.2%
Belgian 63Eden Hazard
78%
Dutch 87Dennis Bergkamp
77.8%
Argentinian 135Sergio Aguero
77.5%
English 113Ian Wright
76.4%
English 149Les Ferdinand
76%
Dutch 144Robin Van Persie
76%
English 161Jermain Defoe
75.6%
Spanish 52Diego Costa
75.5%
English 106Darren Bent
74.9%
Spanish 85Fernando Torres
74.9%
English 106Peter Crouch
74.5%
Bulgarian 94Dimitar Berbatov
73.8%
Argentinian 84Carlos Tevez
73.8%
Uruguayan 69Luis Suarez
73.8%
English 40Marcus Bent
73.8%
Welsh 43Gareth Bale
73.5%
Australian 92Mark Viduka
72.7%
Togolese 97Emmanuel Adebayor
72.7%
Dutch 127Jimmy Floyd Hasselbaink
72%
English 62David Beckham
72%
Belgian 95Romelu Lukaku
71.8%
English 41John Terry
71.6%
English 110Emile Heskey
71.3%
Dutch 95Ruud Van Nistelrooy
71.3%
Norwegian 91Ole Gunnar Solskjaer
70.9%
French 125Nicolas Anelka
70.5%
Italian 59Gianfranco Zola
70.5%
Bosnian 49Edin Dzeko
70.5%
Ivorian 62Yaya Toure
70.5%
French 62Robert Pires
70.2%
English 96Harry Kane
70.1%
English 31Adam Johnson
69.8%
Australian 57Harry Kewell
69.1%
Senegalese 37Papiss Demba Cisse
69.1%
Chilean 60Alexis Sanchez
68.7%
French 70Eric Cantona
68%
American 57Clint Dempsey
68%
English 92Kevin Phillips
67.6%
English 45Alan Smith
67.6%
English 51Jamie Vardy
67.4%
Australian 56Tim Cahill
66.2%
Belgian 67Christian Benteke
65.9%
English 74Daniel Sturridge
65.8%
English 38Dean Sturridge
65.8%
English 27Gary Cahill
65.8%
Nigeria 96Aiyegbeni Yakubu
65.5%
Welsh 81Craig Bellamy
65.5%
English 51 Andrew Johnson
65.5%
English 83Chris Sutton
64.7%
Welsh 81Gary Speed
64.7%
Spanish 49Cesc Fabregas
64.7%
Icelandic 55Eidur Gudjohnsen
64.4%
Trinidadian 40Kenwyne Jones
64.4%
French 32 Djibril Cisse
64%
German 27Mesut Ozil
63.9%
English 88Kevin Davies
63.3%
Nigerian 54Nwankwo Kanu
63.3%
Mexican 41Javier Hernandez
62.9%
Spanish 44David Silva
61.9%
Welsh 27Simon Davies
61.8%
French 73Olivier Giroud
61.6%
Swedish 48Freddie Ljungberg
61.5%
English 33Dele Alli
61.1%
English 112Dion Dublin
61.1%
Welsh 63Mark Hughes
61.1%
Scottish 68Duncan Ferguson
60.7%
English 82Kevin Campbell
60.4%
English 48James Milner
60.4%
Irish 54Damien Duff
60%
Nationality and number of goals Name % Correct
Austrian 27Marko Arnautovic
60%
South Korea 25Heung-Min Son
60%
Norwegian 38Tore Andre Flo
59.3%
South African 37Benni Mccarthy
59.3%
Brazilian 30Roberto Firmino
59.1%
English 101Matt Le Tissier
58.9%
Costa Rican 50Paulo Wanchope
58.9%
Algerian 34Riyad Mahrez
58.8%
Welsh 48Ian Rush
58.5%
Ivorian 36Salomon Kalou
58.5%
French 85Louis Saha
58.2%
English 29Nicky Butt
58.2%
English 69Kevin Nolan
57.5%
Peruvian 49Nolberto Solano
57.5%
Scottish 53Steven Fletcher
57.5%
Portuguese 26Nani
57.1%
Uruguayan 54Gustavo Poyet
56.7%
German 29Jurgen Klinsmann
56.7%
English 46Ashley Young
56.4%
English 65Theo Walcott
56%
Senegalese 28El-Hadji Diouf
56%
English 90James Beattie
55.6%
Irish 58Naill Quinn
55.6%
Dutch 51Dirk Kuyt
55.6%
Welsh 32Aaron Ramsey
55.1%
English 73Gabriel Agbonlahor
54.9%
English 53Gareth Barry
54.9%
French 31Patrick Vieira
54.2%
English 24Michael Carrick
53.9%
Latvian 42Marian Pahars
53.8%
Colombian 44Juan Pablo Angel
52.7%
Israeli 31Yossi Benayoun
52.7%
English 52Andy Carroll
52.7%
Scottish 33Charlie Adam
52.6%
Welsh 55John Hartson
52.4%
French 31Sylvain Wiltord
52.4%
Italian 66Paolo Di Canio
52%
English 37Stewart Downing
52%
Czech 28Milan Baros
52%
American 36Brian Mcbride
50.9%
Brazilian 41Philippe Coutinho
50.6%
Russian 42Andrei Kanchelskis
50.5%
Zimbabwean 26Benjani
50.5%
Malian 43Freddie Kanoute
50.2%
Icelandic 45Gylfi Sigurdsson
50%
English 52Danny Murphy
49.8%
Irish 47Shane Long
49.6%
English 41Steve Mcmanaman
49.5%
Norwegian 38John Carew
49.5%
English 37David Dunn
49.1%
Grenadian 36Jason Roberts
49.1%
Ivorian 36Wilfried Bony
49%
Spanish 48Juan Mata
48.4%
Jamaican 56Jason Euell
48.4%
Czech 38Patrick Berger
48.4%
Finnish 34Mikael Forssell
48.4%
Danish 36Christian Eriksen
48%
English 39Danny Welbeck
48%
English 57Lee Bowyer
47.6%
English 42Paul Ince
47.6%
Irish 37Kevin Doyle
47.6%
French 35 Florent Malouda
47.6%
English 45Raheem Sterling
46.9%
Jamaican 45Robbie Earle
46.5%
Enlgish 28John Barnes
46.5%
English 71Brian Deane
46.2%
English 62Stan Collymore
46.2%
English 48Paul Merson
46.2%
Irish 43Johnny Walters
46.1%
English 25Jordan Henderson
45.9%
English 34Dennis Wise
45.8%
Norwegian 34Morten Gamst Pedersen
45.8%
English 31Rickie Lambert
45.5%
Paraguay 26Roque Santa Cruz
45.5%
English 58Peter Beardsley
45.1%
Spanish 42Mikel Arteta
45.1%
English 32Shaun Wright-Phillips
45.1%
Danish 32Nicklas Bendtner
45.1%
Spanish 25Santi Cazorla
44.8%
Scottish 49Gary Mcallister
44.7%
Brazilian 29Juninho
44.7%
English 32Leighton Baines
44.7%
English 78Tony Cottee
44.4%
Belgian 36Marouane Fellaini
44.4%
French 36Samir Nasri
44%
English 52Darius Vassell
43.6%
English 37Darren Anderton
43.6%
English 33Jamie Redknapp
43.6%
Nationality and number of goals Name % Correct
English 71Chris Armstrong
43.3%
Welsh 44Dean Saunders
43.3%
English 29Ian Taylor
43.3%
English 33Aaron Lennon
43.3%
English 40Matty Taylor
42.9%
English 34Mark Noble
42.6%
Senegalese 31Henri Camara
42.5%
English 32Jermaine Jenas
41.8%
Senegalese 39Sadio Mane
41.6%
English 29Adam Lallana
41.6%
English 47Bobby Zamora
41.5%
Turkish 34Muzzy Izzet
41.1%
Nigerian 52Efan Ekoku
40.7%
Canadian 35Tomasz Radzinski
40.7%
Scottish 56Kevin Gallacher
40.4%
English 38David Unsworth
40.4%
Norwegian 40Stefan Iversen
40%
Jamaican 34Marcus Gayle
40%
French 39Steed Malbranque
39.6%
Zimbabwean 34Peter Ndlovu
39.3%
Colombian 31Hamilton Ricard
38.9%
Northern Ireland 25Chris Brunt
38.9%
English 51Trevor Sinclair
38.5%
English 38Darren Huckerby
38.5%
English 37Tim Sherwood
38.5%
Monserattian 36Ruel Fox
38.5%
Italian 35Benito Carbone
38.5%
English 34Robert Lee
38.5%
Nigerian 28Obafemi Martins
38.5%
Irish 28Ian Harte
38.2%
Serbian 29Savo Milosevic
37.8%
Norwegian 29Egil Ostenstad
37.8%
English 53Nicky Barmby
37.5%
Nigerian 37Peter Odemwingie
37.1%
English 63Dean Holdsworth
36.7%
English 43Leon Osman
36.7%
English 50Mark Bright
36.4%
English 29Jay Rodriguez
36.1%
English 25Troy Deeney
36.1%
German 29Uwe Rosler
36%
Senegalese 25Mame Diouf
35.7%
Scottish 36John Spencer
35.3%
English 43Shola Ameobi
34.5%
English 43Noel Whelan
34.2%
English 31Jason Wilcox
34.2%
Portuguese 29Luis Boa Morte
34.2%
Northern Irish 33Iain Dowie
33.8%
Norwegian 30Oyvind Leonhardsen
33.8%
English 43David Hirst
33.5%
English 26Marcus Stewart
33.5%
Norwegian 24Joshua King
33.3%
Scottish 37Don Hutchison
32.4%
English 26Joey Barton
32.4%
English 45Rod Wallace
31.3%
Guyanese 28Carl Cort
31.3%
Colombian 29Hugo Rodallega
31.3%
Belgian 29Kevin Mirallas
30.9%
English 46Graham Stuart
30.5%
Scottish 36 Paul Dickov
30.5%
Icelandic 28Heidar Helguson
30.2%
English 42Julian Joachim
29.8%
Croatian 29Nikica Jelavic
29.8%
English 28Paul Kitson
29.5%
English 33Ian Marshall
29.1%
Finnish 27Jonatan Johansson
28%
Scottish 32James Morrison
27.5%
English 29Paul Rideout
26.5%
English 23Saido Berahino
26.5%
French 28Loic Remy
26.3%
English 33Ashley Ward
26.2%
English 29Malcolm Christie
25.8%
English 31Charlie Austin
25.3%
English 27Lee Hendrie
24.7%
English 32Cameron Jerome
24.4%
English 26Steve Watson
24.4%
French 26William Gallas
23.3%
English 27Guy Whittingham
22.9%
Nigerian 27Victor Anichebe
22.7%
English 26David White
22.5%
English 24Jason Puncheon
22.3%
English 28Marlon Harewood
22.2%
English 26Mark Robins
20.4%
English 31Craig Gardner
19.3%
French 26Yohan Cabaye
19.2%
English 27Niel Shipperley
18.9%
French 29Charles N'Zogbia
17.1%

You're not logged in!

Compare scores with friends on all Sporcle quizzes.
Sign Up with Email
OR
Log In

You Might Also Like...

Show Comments

Extras

Top Quizzes Today


Score Distribution

Your Account Isn't Verified!

In order to create a playlist on Sporcle, you need to verify the email address you used during registration. Go to your Sporcle Settings to finish the process.